Word Ladder: Tim Burton Films Quiz Stats

Quiz Updated Dec 19, 2014

Challenge
Share
Tweet
Embed
Score 0/33 Timer 03:00
2 Plays Today
Hint 4-Letter Word % Correct
Jiminy Cricket's 'When You ____ Upon a Star'WISH
99.1%
Black and yellow stinging insectWASP
97.3%
2001 Burton Film: Planet of the ____★APES ★
96.6%
To clean WASH
95.6%
'Three' in SpanishTRES
95.6%
Show a muscleFLEX
93.4%
1996 Burton Film: ____ Attacks!★MARS ★
93.3%
Armed conflictsWARS
93.3%
Sound a dog makesBARK
93.1%
Untidy state of thingsMESS
92.5%
Group of musicians BAND
92.4%
Place where money is keptBANK
92.4%
Where golf balls are placedTEES
92%
The quantity of matter in an objectMASS
91.7%
2012 Burton Film: ____ Shadows★DARK ★
91.4%
Red Riding ____HOOD
91.4%
Speedy propulsion system used in Star Trek: ____ driveWARP
91.3%
Hint 4-Letter Word % Correct
Greek god of warARES
90.8%
Give food to FEED
89%
Trebek, Haley, or Rodriguez, e.g.ALEX
88.8%
Shape something straight into an angleBEND
87.7%
Grasp something in your handHOLD
87.6%
Summit or peakAPEX
87.4%
Thomas Hardy's ____ of the d'UrbervillesTESS
87.2%
Ran awayFLED
87.1%
2003 Burton Film: Big ____★FISH ★
86.4%
Nerd, geek, etc.DORK
85.2%
2007 Burton Film: Sweeney ____: The Demon Barber of Fleet Street ★TODD ★
84.7%
Look after oneself without helpFEND
83.4%
Killers' hit 'Somebody ____ Me'TOLD
81.7%
Activity involving mental or physical effort WORK
76.8%
1994 Burton Film: Ed ____★WOOD ★
74.6%
1986 Cameo song: '____ Up!'WORD
70%

Today's Daily Dose

Word Ladder
KISS Hit

On This Day
January 22nd

You're not logged in!

Compare scores with friends on all Sporcle quizzes.
Sign Up with Email
OR
Log In

You Might Also Like...

Show Comments

Extras

Top Quizzes Today


Score Distribution

Your Account Isn't Verified!

In order to create a playlist on Sporcle, you need to verify the email address you used during registration. Go to your Sporcle Settings to finish the process.